Manual de informatica forense (Registro nro. 324330)

Detalles MARC
000 -ENCABEZADO
Número de control [NR] 01653nam a22003377a 4500
005 - FECHA Y HORA DE LA ÚLTIMA TRANSACCIÓN
control field 20240611085556.0
008 - DE LONGITUD FIJA DE DATOS DE ELEMENTOS - INFORMACIÓN GENERAL
Elementos de longitud fija [NR] 240611t ||||| |||| 00| 0 spa d
020 ## - NUMERO INTERNACIONAL NORMALIZADO PARA LIBROS [R]
Número Internacional Normalizado del libro [NR] 9789870112495
020 ## - NUMERO INTERNACIONAL NORMALIZADO PARA LIBROS [R]
Número Internacional Normalizado del libro [NR] 9789870114307
040 ## - FUENTE DE CATALOGACION [NR]
Agencia de catalogación original [NR] CO-BoUCM
Quien Cataloga David Moreno
Quien Clasifica David Moreno
041 ## - CODIGO DE IDIOMA [R]
Código de idioma para texto/pista de sonido o título separado [R] Español
100 1# - ASIENTO PRINCIPAL--NOMBRE PERSONAL [NR]
Nombre personal [NR] Darahuge, Maria Elena
ID Autoridad 181240
245 10 - MENCION DE TITULO [NR]
Título [NR] Manual de informatica forense
Parte restante del título [NR] Prueba Indiciaria informatico Forense
Mención de responsabilidad, etc. [NR] Maria Elena Darahuge, Luis E. Arellano Gonzalez
250 ## - MENCION DE EDICION [NR]
Mención de edición [NR] Primera edicion
260 ## - PUBLICACION, DISTRIBUCION, ETC. (PIE DE IMPRENTA) [R]
Lugar de publicación, distribución, etc. [R] Buenos Aires
Nombre del editor, distribuidor, etc. [R] Errepar
Fecha de publicación, distribución, etc. [R] 2011
300 ## - DESCRIPCION FISICA [R]
Extensión [R] 2 Volumenes
500 ## - NOTA GENERAL [R]
Nota general [NR] Incluye DVD con la Distribuccion Huemul (Herramienta informatica forense de software libre)
501 ## - NOTA DE “CON” [R]
Nota de “Con” [NR] Tomo 1 . Bases metodologicas: cientificas, sistemicas, criminalistica, tecnologica-pericial y marco legal
501 ## - NOTA DE “CON” [R]
Nota de “Con” [NR] Tomo 2 . Bases teoricas complementarias. Medologia suplementaria: computacion movil (table, celulares, iphone, ipad, ipod, gps, mac,imagenes,audio, video, android, cd, dvd
504 ## - NOTA DE BIBLIOGRAFIA, ETC. [R]
Nota de bibliografía, etc. [NR] Incluye referencias bibliográficas e índices
650 14 - ASIENTO SECUNDARIO DE MATERIA - TERMINO TEMATICO [R]
Término temático o nombre geográfico como elemento de entrada [NR] Criminalística
Subdivisión general [R] Informática forense
9 (RLIN) 181241
650 14 - ASIENTO SECUNDARIO DE MATERIA - TERMINO TEMATICO [R]
Término temático o nombre geográfico como elemento de entrada [NR] Tecnología pericial
Subdivisión general [R] Marco legal
9 (RLIN) 181242
650 14 - ASIENTO SECUNDARIO DE MATERIA - TERMINO TEMATICO [R]
Término temático o nombre geográfico como elemento de entrada [NR] Seguridad informática
Subdivisión general [R] Protección de datos
9 (RLIN) 181243
650 14 - ASIENTO SECUNDARIO DE MATERIA - TERMINO TEMATICO [R]
Término temático o nombre geográfico como elemento de entrada [NR] Derecho probatorio
Subdivisión general [R] Indicios
9 (RLIN) 181244
650 14 - ASIENTO SECUNDARIO DE MATERIA - TERMINO TEMATICO [R]
Término temático o nombre geográfico como elemento de entrada [NR] Metodologías científicas
Subdivisión general [R] Investigación criminal
9 (RLIN) 181245
650 14 - ASIENTO SECUNDARIO DE MATERIA - TERMINO TEMATICO [R]
Término temático o nombre geográfico como elemento de entrada [NR] Metodologías sistemáticas
Subdivisión general [R] Peritaje informático
9 (RLIN) 181246
700 1# - ASIENTO SECUNDARIO - NOMBRE PERSONAL [R]
Nombre personal [NR] Arellano Gonzalez, Luis
9 (RLIN) 181247
700 1# - ASIENTO SECUNDARIO - NOMBRE PERSONAL [R]
Nombre personal [NR] Del Gener, Jorge Omar
Término de relación [R] prólogo
9 (RLIN) 181248
942 ## - ELEMENTOS DE ENTRADA AGREGADOS (KOHA)
Sistema de clasificación DEWEY
Tema principal Derecho
Tipo de ítem principal el descrito en 300a Libro
Edición 1
Clasificación 363.25968
Parte restante de la signatura top. D213m
Título oculto en OPAC No
Existencias
Signatura topográfica Código de barras Última vez visto Volúmen / Fascículo Ejemplar Price effective from Tipo de ítem Nota pública (OPAC) Perdido Sistema de clasificación Dañado No prestable Tipo de ítem específico Suprimido Ubicación habitual Ubicación actual Localización Fecha de creación Forma de adquisición Costo Fecha de último préstamo Total préstamos
363.25968 D213m 100172657 04/12/2025 Tomo 1 Ej.1 11/06/2024 Libro Spot Criminología e Investigación Criminal   DEWEY     Libro   Claustro Claustro 3er piso 11/06/2024 Compra 3293972.00    
363.25968 D213m 100172658 04/12/2025 Tomo 2 Ej.1 11/06/2024 Libro Spot Criminología e Investigación Criminal   DEWEY     Libro   Claustro Claustro 3er piso 11/06/2024 Compra 1568776.00 06/07/2024 1
DVD 1670 100172678 10/12/2024   Ej.1 11/06/2024 Multimedia     DEWEY     DVD   Claustro Claustro 4to piso 11/06/2024 Compra